LEADER 01344oam 2200445zu 450 001 996211233303316 005 20210807004634.0 010 $a1-118-66500-7 035 $a(CKB)3450000000004508 035 $a(SSID)ssj0000726677 035 $a(PQKBManifestationID)11469266 035 $a(PQKBTitleCode)TC0000726677 035 $a(PQKBWorkID)10683146 035 $a(PQKB)11301958 035 $a(PPN)190126914 035 $a(EXLCZ)993450000000004508 100 $a20160829d1996 uy 101 0 $aeng 181 $ctxt 182 $cc 183 $acr 200 10$aOceanic sedimentation : lithology and geochemistry 210 31$a[Place of publication not identified]$cAmerican Geophysical Union$d1996 300 $aBibliographic Level Mode of Issuance: Monograph 311 $a0-87590-243-X 606 $aMarine sediments 606 $aEarth & Environmental Sciences$2HILCC 606 $aMarine Science$2HILCC 615 0$aMarine sediments 615 7$aEarth & Environmental Sciences 615 7$aMarine Science 676 $a551.46/083 700 $aLisit?s?yn$b A. P$0875151 702 $aLisiëtěsyn$b A. P 702 $aKennett$b James P 801 0$bPQKB 906 $aBOOK 912 $a996211233303316 996 $aOceanic sedimentation : lithology and geochemistry$91953672 997 $aUNISA LEADER 00965oam 2200337zu 450 001 9910693568103321 005 20210807001600.0 035 $a(CKB)2670000000255550 035 $a(SSID)ssj0000771424 035 $a(PQKBManifestationID)12302462 035 $a(PQKBTitleCode)TC0000771424 035 $a(PQKBWorkID)10810344 035 $a(PQKB)10394106 035 $a(EXLCZ)992670000000255550 100 $a20160829d2010 uy 101 0 $aeng 181 $ctxt 182 $cc 183 $acr 200 00$aLearning Communities in Practice 210 31$a[Place of publication not identified]$cSpringer$d2010 300 $aBibliographic Level Mode of Issuance: Monograph 700 $aKincheloe$b Joe L$0309010 702 $aKosnik$b Clare 702 $aFreese$b Anne R 702 $aSamaras$bAnastasia 801 0$bPQKB 906 $aBOOK 912 $a9910693568103321 996 $aLearning Communities in Practice$93092759 997 $aUNINA